00814nam a22002417a 4500003000500000005001700005008004100022010001000063011001000073020001500083035001100098040000900109082002300118245016500141260009500306300002000401490001800421650002500439650002600464650002500490700003900515830001800554CHAP20220329143524.0100405s1992 mx a r 00010 spa d a97968 a98940 a9686806156 a109625 cCHAP04a581.634097246bUs600aUsos y tradiciones de plantas y animales en la ranchería del Guajolote del municipio de Epazoyucan, Hidalgoc/por Blanca Estela Pérez Escandón ...[et al.] a[Pachuca, Hid.] :bGobierno del Estado de Hidalgo, Instituto Hidalguense de Cultura,c1992 a157 p. :bilus. 0aLo nuestro...14aBotánica médica.14aMedicina tradicional.14aZoología médica.0 aPérez Escandón, Blanca Estela. 0aLo nuestro...